000
00295nam a22001337a 4500
008
181101b xxu||||| |||| 00| 0 eng d
020
_a
9780070537071
041
_a
eng
080
_2
7th
_a
540
100
_a
12
101
_a
KIM
245
_a
College Chemistry
_c
Rosenerg,J.L
942
_2
udc
_c
BK
999
_c
51486
_d
51486